Global issues in languages, education and development : Perspectives from postcolonial countries (Record no. 1392236)

MARC details
000 -LEADER
fixed length control field 00634nam a2200205Ia 4500
005 - DATE AND TIME OF LATEST TRANSACTION
control field 20250508164942.0
008 - FIXED-LENGTH DATA ELEMENTS--GENERAL INFORMATION
fixed length control field 008 250505s9999 xx 000 0 eng d
020 ## - INTERNATIONAL STANDARD BOOK NUMBER
International Standard Book Number 978-81-250-3866-5
037 ## - SOURCE OF ACQUISITION
Stock number Textual
040 ## - CATALOGING SOURCE
Original cataloging agency FEDL
Language of cataloging eng
Transcribing agency FEDL
041 ## - LANGUAGE CODE
Language code of text/sound track or separate title eng
Source of code eng
084 ## - COLON CLASSIFICATION NUMBER
Classification number 407, RAS
Assigning agency FEDL
100 ## - MAIN ENTRY--PERSONAL NAME
Personal name Rassool Naz
9 (RLIN) 148710
245 #0 - TITLE STATEMENT
Title Global issues in languages, education and development : Perspectives from postcolonial countries
260 ## - PUBLICATION, DISTRIBUTION, ETC.
Place of publication, distribution, etc. Hyderabad, India
Name of publisher, distributor, etc. Orient Longman Private Limited
Date of publication, distribution, etc. 2007
300 ## - PHYSICAL DESCRIPTION
Extent xii,291p
365 ## - TRADE PRICE
Price type code INR
Price amount 575
942 ## - ADDED ENTRY ELEMENTS (KOHA)
Koha item type Textual
Classification part 407, RAS
Holdings
Withdrawn status Lost status Damaged status Not for loan Home library Current library Date acquired Cost, normal purchase price Total Checkouts Full call number Barcode Date last seen Price effective from Koha item type
        Department of Education Library Department of Education Library 2025-05-08 575.00   407, RAS EL0085866 2025-05-08 2025-05-08 Textual
Copyright @ Delhi University Library System